Políticas públicas en eduacación /
Enregistré dans:
| Auteur principal: | |
|---|---|
| Format: | Texte |
| Sujets: | |
| Tags: |
Ajouter un tag
Pas de tags, Soyez le premier à ajouter un tag!
|
MARC
| LEADER | 00000 a a2200000 04500 | ||
|---|---|---|---|
| 001 | 16851 | ||
| 003 | |||
| 040 | |||
| 100 | |a Steele Zuñiga, Gerardo | ||
| 245 | |a Políticas públicas en eduacación / |c Gerardo Steele Zuñiga | ||
| 650 | |a POLITICA EDUCATIVA | ||
| 650 | |a POLITICA GUBERNAMENTAL | ||
| 650 | |a CALIDAD DE LA EDUCACION | ||
| 650 | |a DESARROLLO DE LA EDUCACION | ||
| 650 | |a COSTA RICA | ||
| 773 | |g volumen 12, número 3; páginas 79-81 | ||
| 999 | |c 32260 |d 32260 | ||
